Brazylijscy sportowcy - nagła śmierć - Statystyki

Ogólne statystyki
  • Ten quiz został rozwiązany 71 razy
  • Średni wynik to 12 z 16
Answers on the Grid
Answers color-coded by a green-red scale on the quiz's grid according to % correct below.
Ronaldinho
Paulo Dybala
Roberto Carlos
Conor McGregor
Roberto Baggio
Ayrton Senna
Anderson Silva
Alexander Volkanovski
Kaká
Dani Alves
Fernando Alonso
Felipe Massa
Ronaldo Nazário
Didier Drogba
Giba
Carlos Tevez
Rafael Nadal
Gustavo Kuerten
Gennaro Gattuso
José Aldo
Radamel Falcao
Sergio Pérez
Rubens Barrichello
Bruno Rezende
Tyson Fury
Diego Maradona
Amanda Nunes
Andrea Giani
Diego Forlán
César Cielo
Carlos Alcaraz
Emanuel Rego
 
Statystyki odpowiedzi
Odpowiedź % Poprawnych
Ronaldinho
98%
Kaká
93%
Roberto Carlos
93%
Ronaldo Nazário
93%
Dani Alves
88%
Giba
82%
Anderson Silva
80%
Felipe Massa
73%
Bruno Rezende
72%
Ayrton Senna
70%
César Cielo
70%
Rubens Barrichello
63%
José Aldo
62%
Amanda Nunes
58%
Gustavo Kuerten
55%
Emanuel Rego
53%
Nie znaleziono quizów pasujących do podanych kryteriów
Rozkład punktacji
Procent ludzi z każdym wynikiem
Percentyl według liczby udzielonych odpowiedzi
Twoja historia wyników
Nie rozwiązałeś tego quizu